000 00806cam a2200277 a 4500
001 979
003 BD-RjUL
005 20211208233247.0
008 131124t19741968nyu b 001 0 eng
020 _a0023251107
035 _a(BD-RjUL)1001
040 _aDLC
_cDLC
_dDLC
_dBD-RjUL
_beng
041 _aeng
082 0 0 _a100
_221
_bCOP 1974
100 1 _aCornman, James W.
_92863
245 1 0 _aPhilosophical problems and arguments :
_ban introduction /
_c[by] James W. Cornman [and] Keith Lehrer.
250 _a2d ed.
260 _aNew York:
_bMacmillan,
_cc1974.
300 _axxi, 554 p. ;
_c21 cm.
504 _aIncludes indexes.
650 0 _aPhilosophy
_vIntroductions.
_92771
700 1 _aLehrer, Keith,
_ejoint author.
_92864
942 _2ddc
_cBK
999 _c979
_d979